2025 MLB Offensive Statistical Leaders - Statistics

General Stats
  • This quiz has been taken 145 times
  • The average score is 17 of 36
Answer Stats
Players % Correct
Aaron Judge
99%
Cal Raleigh
94%
Shohei Ohtani
91%
Kyle Schwarber
77%
Freddie Freeman
71%
Juan Soto
67%
Bobby Witt Jr.
66%
Bo Bichette
59%
Vladimir Guerrero Jr.
59%
Trea Turner
57%
Pete Alonso
54%
Luis Arráez
53%
Elly De La Cruz
51%
George Springer
51%
Eugenio Suárez
49%
José Ramírez
48%
Junior Caminero
48%
Francisco Lindor
47%
Jacob Wilson
46%
Julio Rodríguez
44%
Pete Crow-Armstrong
44%
Nick Kurtz
43%
Rafael Devers
42%
Oneil Cruz
35%
José Caballero
33%
Josh Naylor
33%
Riley Greene
32%
Yandy Díaz
32%
Chandler Simpson
24%
Jeremy Peña
24%
Nico Hoerner
20%
Jo Adell
18%
Taylor Ward
16%
Geraldo Perdomo
13%
Vinnie Pasquantino
10%
Victor Scott II
6%
No matching quizzes found
Score Distribution
Percent of People with Each Score
Percentile by Number Answered
Your Score History
You have not taken this quiz